000 01320nam a2200289Ia 4500
003 CO-CtgCURN
005 20250408214550.0
008 190723s9999 xx 000 0 und d
020 _a9587101197
040 _aCO-CtgCURN
_bspa
_ccoctgcurn
082 _a344.046
_bG643d
100 _aGonzález Villa, Julio Enrique
_96410
245 0 _aDerecho ambiental colombiano /
_cJulio Enrique González Villa
260 _aBogotá, Colombia :
_bUniversidad Externado de Colombia,
_c2012
300 _a2 v. :
_c23 centímetros
504 _aIncluye referencias bibliográficas
505 _aVol. 1. Introducción al derecho del medio ambiente -- Evolucion historica del derecho ambiental en Colombia -- Etapa de legalizacion -- Vol. 2. régimen de los recursos naturales renovables contaminantes -- régimen de las aguas -- Reglas generales.
521 _aAREA PROFESIONAL
590 _aPrograma de Derecho_18
650 _aDerecho ambiental
_96411
650 _aDerecho social
_96412
942 _cBK
_h344.046
_iG643d
_2ddc
_n0
999 _c28689
_d28689